000 00485nam a22001817a 4500
003 BD-ChCU
005 20251126093019.0
008 251126b bg ||||| |||| 00| 0 ben d
040 _cBD-ChCU
082 _a330.18 SPC (4)
100 _aSpencer , Milton H.
_916922
245 _aContemporary Macroeconomics ./
_cMilton H. Spencer.
250 _a4th ed.
260 _aNew York :
_bWorth ,
_cC 1980
300 _axix , 432p
650 0 _aMacroeconomics.
_916924
942 _2ddc
_cBK
_n0
999 _c109842
_d109842